Statistics for Brooklyn Nets 2010s Top 10 Leaders

Click here to take the quiz!

General Stats

  • This quiz has been taken 122 times
  • The average score is 9 of 22

Answer Stats

Answer% Correct
Brook Lopez
93%
D'Angelo Russell
85%
Deron Williams
80%
Joe Johnson
77%
Jarrett Allen
75%
Spencer Dinwiddie
68%
Caris LeVert
62%
Devin Harris
59%
Joe Harris
59%
Rondae Hollis-Jefferson
56%
Jarrett Jack
34%
Kris Humphries
28%
DeMarre Carroll
26%
Bojan Bogdanovic
25%
Gerald Wallace
25%
Reggie Evans
18%
Mason Plumlee
16%
Thaddeus Young
15%
Andray Blatche
12%
Mirza Teletovic
11%
Johan Petro
8%
Jordan Farmar
7%

Score Distribution

Percentile by Number Answered

Percent of People with Each Score

Your Score History

You have not taken this quiz